000 00590cam a22002291 4500
001 sa 67002268
003 DLC
005 20260227112330.0
008 940720s1964 ii 000 0 urdo
010 _asa 67002268
025 _aPL480:I-U-1241
035 _a(OCoLC)30799367
040 _aDLC
_cCU
_dCU
_dDLC
042 _apremarc
050 0 0 _aPK1979
_b.A45
100 2 _aAdīb Ḥaidarābādī, Aḥmad ʻAlī K̲h̲ān̲.
245 1 0 _aTaṣḥīh̲ al-ag̲h̲lāt̤.
260 _c[1964]
300 _a288 p.
_c19 cm.
500 _aIn Urdu.
650 0 _aUrdu language
_xIdioms.
999 _c73169
_d73169